[Event "Titled Tue 20th May Early"]
[Site "chess.com INT"]
[Date "2025.05.20"]
[Round "2"]
[White "Perez Rojas, Jorge"]
[Black "Krishnan, Varun"]
[Result "0-1"]
[WhiteTitle "FM"]
[BlackTitle "IM"]
[WhiteElo "2100"]
[BlackElo "2370"]
[WhiteFideId "3452093"]
[BlackFideId "5054508"]
[EventDate "2025.05.20"]

1. e4 c6 2. d3 d5 3. Nd2 e5 4. Ngf3 Bd6 5. g3 Ne7 6. Bg2 O-O 7. O-O h6 8. Qe2
Be6 9. exd5 Nxd5 10. Nxe5 Re8 11. Nec4 Bc7 12. Qd1 Nd7 13. d4 Bf5 14. c3 N7f6
15. Nf3 Be4 16. Nce5 Nd7 17. Nxd7 Qxd7 18. Ne5 Bxe5 19. Bxe4 Bxg3 20. Bxd5 Bxh2+
21. Kxh2 Qxd5 22. Qg4 Re4 23. Qh3 Qd6+ 24. Qg3 Qd5 25. Be3 Qh5+ 26. Kg2 Rg4 27.
Rh1 Rxg3+ 28. Kxg3 Qg6+ 29. Kf3 Re8 30. Rac1 Qf5+ 31. Ke2 Qg4+ 32. Kd2 f5 33.
Rcg1 Qf3 34. Rh4 Rxe3 0-1

[Event "Titled Tue 20th May Early"]
[Site "chess.com INT"]
[Date "2025.05.20"]
[Round "2"]
[White "Aakash, G"]
[Black "Suleymanli, Suleyman"]
[Result "0-1"]
[WhiteTitle "FM"]
[BlackTitle "FM"]
[WhiteElo "2114"]
[BlackElo "2322"]
[WhiteFideId "25644394"]
[BlackFideId "13416375"]
[EventDate "2025.05.20"]

1. d4 d5 2. Bg5 h6 3. Bh4 Nf6 4. Bxf6 exf6 5. e3 Bd6 6. c4 dxc4 7. Bxc4 c6 8.
Nc3 O-O 9. Nf3 Nd7 10. Qc2 f5 11. O-O-O Nf6 12. h3 Be6 13. Bxe6 fxe6 14. Rhg1
Nd5 15. Nd2 b5 16. e4 Nb4 17. Qb3 Nd3+ 18. Kb1 Nxf2 19. Qxe6+ Kh8 20. e5 Nxd1
21. Rxd1 Bb4 22. Nf3 Bxc3 23. bxc3 Qe8 24. Qb3 a5 25. Re1 a4 26. Qb4 Qe6 27. Nh4
Kh7 28. Qb2 Qc4 29. Qc2 b4 30. Nxf5 b3 31. Qe4 bxa2+ 32. Ka1 Qxc3+ 33. Kxa2 Qb3+
34. Ka1 Qa3+ 35. Kb1 Rab8+ 36. Kc2 Rb2+ 37. Kd1 Qa1+ 38. Qb1 Qxb1# 0-1

[Event "Titled Tue 20th May Early"]
[Site "chess.com INT"]
[Date "2025.05.20"]
[Round "2"]
[White "Dilmukhametov, Artur"]
[Black "Aslanov, Umid"]
[Result "1-0"]
[WhiteTitle "FM"]
[BlackTitle "FM"]
[WhiteElo "2276"]
[BlackElo "2324"]
[WhiteFideId "24179922"]
[BlackFideId "13412620"]
[EventDate "2025.05.20"]

1. d4 d5 2. e4 dxe4 3. Nc3 Nf6 4. f3 exf3 5. Nxf3 e6 6. Bd3 Be7 7. O-O h6 8. Qe1
Nc6 9. Kh1 Nxd4 10. Ne5 Bd6 11. Bf4 Nc6 12. Bb5 Bd7 13. Nxd7 Qxd7 14. Rd1 a6 15.
Ba4 b5 16. Bb3 Qe7 17. Bxd6 cxd6 18. Qg3 O-O 19. Rxd6 Na5 20. Rfd1 Nxb3 21. axb3
Rfd8 22. Kg1 Rxd6 23. Qxd6 Qa7+ 24. Qd4 Qc7 25. Qd6 Qb6+ 26. Qxb6 1-0

[Event "Titled Tue 20th May Early"]
[Site "chess.com INT"]
[Date "2025.05.20"]
[Round "2"]
[White "Sanhueza, Cristian"]
[Black "Rushbrooke, Remy"]
[Result "1-0"]
[WhiteTitle "FM"]
[WhiteElo "2182"]
[BlackElo "2090"]
[WhiteFideId "116815"]
[BlackFideId "443590"]
[EventDate "2025.05.20"]

1. e4 c5 2. Nf3 Nc6 3. d4 cxd4 4. Nxd4 e5 5. Nb5 d6 6. N1c3 a6 7. Na3 Be7 8. Nc4
Nf6 9. Bg5 O-O 10. Bxf6 Bxf6 11. Qxd6 Nd4 12. Qxd8 Rxd8 13. O-O-O b5 14. Nb6 Rb8
15. Nxc8 Rbxc8 16. Bd3 Bg5+ 17. Kb1 b4 18. Nd5 a5 19. h4 Bf6 20. h5 Bg5 21. h6
gxh6 22. g3 Rd6 23. f4 exf4 24. gxf4 Bd8 25. Rdg1+ Kf8 26. Rg2 Rg6 27. Rgh2 Nf3
28. Rh3 Nd2+ 29. Kc1 Nc4 30. Rxh6 Rg2 31. Rxh7 Nd6 32. e5 1-0

[Event "Titled Tue 20th May Early"]
[Site "chess.com INT"]
[Date "2025.05.20"]
[Round "2"]
[White "Jaskolka, Tomasz"]
[Black "Plat, Vojtech"]
[Result "0-1"]
[WhiteTitle "CM"]
[BlackTitle "GM"]
[WhiteElo "2200"]
[BlackElo "2482"]
[WhiteFideId "1170791"]
[BlackFideId "325740"]
[EventDate "2025.05.20"]

1. d4 d6 2. Nc3 e5 3. e4 Nf6 4. Nf3 Nbd7 5. g4 Nxg4 6. Rg1 Ngf6 7. Bc4 h6 8. Be3
c6 9. a4 Nh5 10. dxe5 dxe5 11. Bxf7+ Kxf7 12. Nxe5+ Nxe5 13. Qxd8 Nf3+ 14. Kd1
Nxg1 15. f3 Nxf3 16. Ke2 Ng5 17. Qc7+ Kg6 18. Rg1 Kh7 19. h4 Nh3 20. Rh1 Bg4+
21. Ke1 Bb4 22. Qxb7 a5 23. Qxc6 Rac8 24. Qd5 Rhd8 25. Qxd8 0-1

[Event "Titled Tue 20th May Early"]
[Site "chess.com INT"]
[Date "2025.05.20"]
[Round "2"]
[White "Nugumanov, Bakhtiyar"]
[Black "Nguyen Quang Anh"]
[Result "1-0"]
[WhiteTitle "IM"]
[BlackTitle "CM"]
[WhiteElo "2305"]
[BlackElo "2052"]
[WhiteFideId "13701797"]
[BlackFideId "12432377"]
[EventDate "2025.05.20"]

1. e4 e6 2. d4 d5 3. Nc3 Bb4 4. e5 c5 5. a3 Bxc3+ 6. bxc3 Nc6 7. Qg4 g6 8. h4
Qa5 9. Bd2 h6 10. h5 g5 11. f4 f6 12. fxg5 fxg5 13. Bd3 Nge7 14. c4 Qa4 15. Ne2
Nxd4 16. Nxd4 cxd4 17. cxd5 exd5 18. e6 Qc6 19. O-O Bxe6 20. Qe2 Kd7 21. Bb5 Kd6
22. Bb4+ Kd7 23. Rf6 Rae8 24. Qxe6+ Kc7 25. Bxc6 Nxc6 26. Qd6+ Kb6 27. Qxd5 Kc7
28. Bd6+ Kc8 29. Qf5+ Kd8 30. Rf7 Ne5 1-0

[Event "Titled Tue 20th May Early"]
[Site "chess.com INT"]
[Date "2025.05.20"]
[Round "2"]
[White "Xiong, Jeffery"]
[Black "Sharshenbekov, Emir"]
[Result "1-0"]
[WhiteTitle "GM"]
[BlackTitle "CM"]
[WhiteElo "2636"]
[BlackElo "2091"]
[WhiteFideId "2047640"]
[BlackFideId "13810634"]
[EventDate "2025.05.20"]

1. e4 e5 2. Nf3 Nf6 3. Nc3 Nc6 4. d4 exd4 5. Nxd4 Bb4 6. Nxc6 bxc6 7. Bd3 d5 8.
exd5 cxd5 9. O-O O-O 10. h3 h6 11. Qf3 Re8 12. Rd1 c6 13. Bf4 Bd6 14. Ne2 Rb8
15. b3 Bxf4 16. Nxf4 Qd6 17. c3 a5 18. Bc2 Ba6 19. Rd4 Re5 20. Ra4 Rbe8 21. Rxa5
Re1+ 22. Rxe1 Rxe1+ 23. Kh2 Be2 24. Qg3 Bd1 25. Ra8+ Ne8 26. Bxd1 g5 27. Nd3 1-0

[Event "Titled Tue 20th May Early"]
[Site "chess.com INT"]
[Date "2025.05.20"]
[Round "2"]
[White "Barrientos, Ernesto"]
[Black "Kaminska, Zuzanna"]
[Result "1-0"]
[WhiteTitle "CM"]
[BlackTitle "WCM"]
[WhiteElo "2027"]
[BlackElo "1900"]
[WhiteFideId "3701247"]
[BlackFideId "21067210"]
[EventDate "2025.05.20"]

1. e4 Nf6 2. Nc3 e6 3. e5 Nd5 4. Bc4 Nxc3 5. bxc3 d5 6. Be2 Bd6 7. exd6 Qxd6 8.
d4 Nd7 9. Nf3 Nf6 10. Ne5 Ne4 11. Qd3 f6 12. Nf3 Bd7 13. O-O O-O 14. c4 Rfe8 15.
c5 Qc6 16. Bf4 g5 17. Bd2 b6 18. cxb6 axb6 19. h3 Kg7 20. Bb4 Ra4 21. a3 Rea8
22. Nd2 Bc8 23. Nxe4 dxe4 24. Qb5 Qxc2 25. Rac1 Qa2 26. Rxc7+ Kg6 27. Qe8+ Kf5
28. Bg4+ Kf4 29. g3# 1-0

[Event "Titled Tue 20th May Early"]
[Site "chess.com INT"]
[Date "2025.05.20"]
[Round "2"]
[White "Thorhallsson, Simon"]
[Black "Do Carmo, Gabriel Carckeno"]
[Result "1-0"]
[WhiteTitle "FM"]
[WhiteElo "2218"]
[BlackElo "2021"]
[WhiteFideId "2310090"]
[BlackFideId "22783024"]
[EventDate "2025.05.20"]

1. d4 d5 2. Nf3 Nf6 3. Bg5 e6 4. e3 Be7 5. Nbd2 b6 6. c3 Bb7 7. Bd3 c5 8. Qc2
Nc6 9. O-O-O Rc8 10. a3 O-O 11. Kb1 cxd4 12. exd4 h6 13. Bxf6 Bxf6 14. g4 Nxd4
15. Nxd4 Bxd4 16. h4 b5 17. g5 h5 18. g6 f5 19. Rde1 Qf6 20. Qd1 Bxc3 21. Qxh5
Rfd8 22. bxc3 Qxc3 23. Rh3 Qxd2 24. Qh7+ Kf8 25. Qh8+ Ke7 26. Qxg7+ Kd6 27.
Rxe6+ Kxe6 28. Re3+ Kd6 29. Qe7+ Kc6 30. Re6+ Rd6 31. Qxd6# 1-0

[Event "Titled Tue 20th May Early"]
[Site "chess.com INT"]
[Date "2025.05.20"]
[Round "2"]
[White "Kjartansson, Gudmundur"]
[Black "Habiaga, Raul Adrian"]
[Result "1-0"]
[WhiteTitle "GM"]
[WhiteElo "2437"]
[BlackElo "1965"]
[WhiteFideId "2301318"]
[BlackFideId "20027770"]
[EventDate "2025.05.20"]

1. e4 c6 2. d4 d5 3. e5 Bf5 4. Nf3 e6 5. Be2 Nd7 6. O-O c5 7. c4 Ne7 8. Nc3 dxc4
9. Bxc4 a6 10. a4 Nb6 11. Ba2 Ned5 12. a5 Nxc3 13. bxc3 Nd5 14. Qb3 Be7 15. c4
Nc7 16. d5 exd5 17. cxd5 Bf8 18. d6 Ne6 19. Qxb7 Bd3 20. Ng5 Nxg5 21. Bxg5 Qxg5
22. Bxf7+ Kd8 23. Qc7# 1-0

[Event "Titled Tue 20th May Early"]
[Site "chess.com INT"]
[Date "2025.05.20"]
[Round "2"]
[White "Ebrahimi Herab, Hamidreza"]
[Black "Spangenberg, Hugo"]
[Result "0-1"]
[WhiteTitle "FM"]
[BlackTitle "GM"]
[WhiteElo "2404"]
[BlackElo "2469"]
[WhiteFideId "22512888"]
[BlackFideId "101966"]
[EventDate "2025.05.20"]

1. d4 Nf6 2. c4 d6 3. Nc3 e5 4. d5 e4 5. g3 Bf5 6. Bg2 Nbd7 7. Nh3 g6 8. Ng5 Qe7
9. h4 h6 10. Nh3 Bg7 11. Nf4 O-O 12. O-O c5 13. Bd2 Ne5 14. b3 Neg4 15. e3 Ne5
16. Qc2 Nf3+ 17. Kh1 Rfe8 18. Nce2 Ng4 19. Rad1 Nxh4 20. gxh4 Qxh4+ 21. Nh3 Ne5
22. Ng1 Nf3 23. Bc3 Nxg1 24. Bxg7 Nxh3 25. Qb1 Ng5+ 0-1

[Event "Titled Tue 20th May Early"]
[Site "chess.com INT"]
[Date "2025.05.20"]
[Round "2"]
[White "Geivondian, Arman"]
[Black "Dumanuly, Sultanbeibarys"]
[Result "0-1"]
[WhiteTitle "FM"]
[BlackTitle "FM"]
[WhiteElo "2297"]
[BlackElo "2117"]
[WhiteFideId "24102032"]
[BlackFideId "13731963"]
[EventDate "2025.05.20"]

1. e4 c5 2. Nf3 Nc6 3. Nc3 d6 4. d4 cxd4 5. Nxd4 Nf6 6. h3 g6 7. g4 Bg7 8. Be3
O-O 9. Bg2 Qa5 10. Qd2 Ne5 11. b3 Be6 12. f4 Nc6 13. O-O-O Nb4 14. Kb1 Rfc8 15.
a4 Rxc3 16. Qxc3 Rc8 17. Qd2 Nd7 18. Rc1 Nc5 19. Nxe6 Nxa4 20. c4 Nb2 21. Qxb2
Bxb2 22. Kxb2 Nd3+ 23. Kc2 Nxc1 24. Bxc1 fxe6 25. Bb2 b5 26. Ra1 Qb6 27. Bf1
bxc4 28. bxc4 Qf2+ 29. Kd3 Qxb2 0-1

[Event "Titled Tue 20th May Early"]
[Site "chess.com INT"]
[Date "2025.05.20"]
[Round "2"]
[White "Carlsson, Ludvig"]
[Black "Modric, Nesa"]
[Result "1-0"]
[WhiteTitle "IM"]
[BlackTitle "CM"]
[WhiteElo "2374"]
[BlackElo "2088"]
[WhiteFideId "1727010"]
[BlackFideId "922579"]
[EventDate "2025.05.20"]

1. e4 c6 2. d4 d5 3. exd5 cxd5 4. Bd3 Nc6 5. c3 g6 6. h3 Bg7 7. Nf3 Nh6 8. O-O
O-O 9. Re1 f6 10. c4 Nf7 11. cxd5 Nb4 12. Nc3 Nxd5 13. Qe2 e5 14. dxe5 fxe5 15.
Nxd5 Qxd5 16. Bc4 Qc5 17. Be3 Qb4 18. a3 Qe7 19. Ng5 Kh8 20. Nxf7+ Rxf7 21. Bxf7
Qxf7 22. Rac1 Be6 23. Red1 Rf8 24. Bxa7 Bd5 25. Be3 h5 26. Rc5 Bc6 27. b4 Qf6
28. b5 Be4 29. a4 b6 30. Rc7 Ba8 31. Rdd7 Rg8 32. Qd2 Qf5 33. f3 Qb1+ 34. Kh2 e4
35. f4 Qb3 36. Rxg7 Rxg7 37. Bd4 e3 38. Bxg7+ Kg8 39. Qd8+ Kh7 40. Bf6+ Kh6 41.
Qh8# 1-0

[Event "Titled Tue 20th May Early"]
[Site "chess.com INT"]
[Date "2025.05.20"]
[Round "2"]
[White "Anakok, Deniz"]
[Black "Tomb, Maroun"]
[Result "1-0"]
[WhiteTitle "CM"]
[BlackTitle "CM"]
[WhiteElo "2058"]
[BlackElo "2090"]
[WhiteFideId "51603586"]
[BlackFideId "5300398"]
[EventDate "2025.05.20"]

1. e4 c5 2. Nf3 Nc6 3. d4 cxd4 4. Nxd4 g6 5. c4 Nf6 6. Nc3 Bg7 7. Nxc6 dxc6 8.
Qxd8+ Kxd8 9. e5 Ne8 10. f4 Nc7 11. Be3 Ne6 12. O-O-O+ Kc7 13. g3 f5 14. Bg2 h5
15. h4 Rd8 16. b4 a5 17. b5 Rxd1+ 18. Rxd1 Bd7 19. Na4 cxb5 20. Rxd7+ Kxd7 21.
Nb6+ Kc7 22. Nxa8+ Kb8 23. Nb6 Nc7 24. cxb5 Nxb5 25. Bd5 Nc7 26. Bf7 e6 27. Bxg6
Bf8 28. Bxh5 Bc5 29. Bxc5 1-0

[Event "Titled Tue 20th May Early"]
[Site "chess.com INT"]
[Date "2025.05.20"]
[Round "2"]
[White "Bespalov, Elisei"]
[Black "Mohota, Nisha"]
[Result "1-0"]
[BlackTitle "IM"]
[WhiteElo "2303"]
[BlackElo "2161"]
[WhiteFideId "34251928"]
[BlackFideId "5004330"]
[EventDate "2025.05.20"]

1. Nf3 c5 2. g3 Nc6 3. Bg2 g6 4. O-O Bg7 5. c4 e5 6. Nc3 Nge7 7. a3 O-O 8. Rb1
a5 9. Ne1 d6 10. Nc2 Bf5 11. d3 Qd7 12. b4 axb4 13. axb4 cxb4 14. Nxb4 Nxb4 15.
Rxb4 Ra7 16. Be3 Ra3 17. Rxb7 Qd8 18. Bb6 Qe8 19. Nb5 Ra2 20. Nxd6 Qa8 21. Rxe7
Qa6 22. Nxf5 Qxb6 23. Nxg7 Kxg7 24. Bd5 Qc5 25. Rxe5 f6 26. Re6 Rb8 27. e3 Rbb2
28. Qf3 Qf8 29. c5 f5 30. Bxa2 1-0

[Event "Titled Tue 20th May Early"]
[Site "chess.com INT"]
[Date "2025.05.20"]
[Round "2"]
[White "Nimmy, A.G."]
[Black "Silva Lucena, Cristian"]
[Result "1/2-1/2"]
[WhiteTitle "WIM"]
[BlackTitle "FM"]
[WhiteElo "1990"]
[BlackElo "2257"]
[WhiteFideId "5015308"]
[BlackFideId "2232588"]
[EventDate "2025.05.20"]

1. e4 c6 2. d4 d5 3. exd5 cxd5 4. Bd3 Nc6 5. c3 Qc7 6. Nf3 Bg4 7. O-O Nf6 8. Re1
e6 9. Bg5 Be7 10. Nbd2 O-O 11. Bh4 Rab8 12. a4 a6 13. Qc2 Rfc8 14. Bxf6 Bxf6 15.
Bxh7+ Kh8 16. Bd3 Nb4 17. Qb1 Nxd3 18. Qxd3 b5 19. axb5 axb5 20. Ne5 Bf5 21. Qg3
b4 22. Rac1 Bxe5 23. Rxe5 bxc3 24. bxc3 Rb2 25. Nf3 f6 26. Re3 Qxg3 27. hxg3 Rc6
28. Nh4 Be4 29. Rce1 g5 30. Nf3 Bxf3 31. gxf3 Rbb6 32. Kg2 Kg7 33. f4 gxf4 34.
gxf4 Kf7 35. Rh1 Rb3 36. Rhh3 Kg6 37. Reg3+ Kf5 38. Rh5+ Kxf4 39. Rh4+ Kf5 40.
Rh5+ Kf4 41. Rh4+ Kf5 42. Rh5+ Kf4 1/2-1/2

[Event "Titled Tue 20th May Early"]
[Site "chess.com INT"]
[Date "2025.05.20"]
[Round "2"]
[White "Pragnya H G"]
[Black "Jake Shanty"]
[Result "0-1"]
[WhiteTitle "WFM"]
[BlackTitle "FM"]
[WhiteElo "1929"]
[BlackElo "2252"]
[WhiteFideId "25609785"]
[BlackFideId "33478066"]
[EventDate "2025.05.20"]

1. c4 Nf6 2. g3 g6 3. Bg2 Bg7 4. Nf3 O-O 5. Nc3 d6 6. O-O Nbd7 7. d3 e5 8. Rb1
a5 9. a3 c6 10. b4 axb4 11. axb4 Qc7 12. e4 Rd8 13. Be3 h6 14. d4 exd4 15. Bxd4
Ne5 16. Nxe5 dxe5 17. Bxe5 Rxd1 18. Bxc7 Rxf1+ 19. Rxf1 Ne8 20. Rd1 Nxc7 21.
Rd8+ Kh7 22. Nd1 Be6 23. Rxa8 Nxa8 24. Ne3 Nb6 25. Bf1 Bd4 26. Nc2 Bc3 27. c5
Nd7 28. b5 Nxc5 29. bxc6 bxc6 30. e5 0-1

[Event "Titled Tue 20th May Early"]
[Site "chess.com INT"]
[Date "2025.05.20"]
[Round "2"]
[White "Trifan, Andrei Ioan"]
[Black "Kosakowski, Jakub"]
[Result "0-1"]
[WhiteTitle "FM"]
[BlackTitle "GM"]
[WhiteElo "2321"]
[BlackElo "2530"]
[WhiteFideId "12967068"]
[BlackFideId "1185080"]
[EventDate "2025.05.20"]

1. Nf3 Nf6 2. g3 g6 3. Bg2 Bg7 4. O-O O-O 5. d4 d6 6. Nc3 Bf5 7. Nh4 Bc8 8. Nf3
Nbd7 9. e4 e5 10. Re1 exd4 11. Nxd4 Re8 12. h3 a6 13. a4 h6 14. b3 Nc5 15. Bb2
Bd7 16. Qd2 Ne6 17. Nxe6 Bxe6 18. e5 dxe5 19. Qxd8 Raxd8 20. Bxb7 Bxh3 21. Bxa6
e4 22. Rad1 Ng4 23. Rxd8 Rxd8 24. Bf1 Bxf1 25. Kxf1 Rd2 26. Re2 Bxc3 27. Bxc3
Nh2+ 28. Ke1 Nf3+ 29. Kf1 Rd1+ 30. Kg2 Rg1+ 31. Kh3 f5 32. Re3 g5 33. Rxf3 exf3
34. a5 Rh1# 0-1

[Event "Titled Tue 20th May Early"]
[Site "chess.com INT"]
[Date "2025.05.20"]
[Round "2"]
[White "Koshulyan, Egor A."]
[Black "Karimova, Guldona"]
[Result "1-0"]
[WhiteTitle "FM"]
[BlackTitle "WIM"]
[WhiteElo "2235"]
[BlackElo "2265"]
[WhiteFideId "24237000"]
[BlackFideId "14210410"]
[EventDate "2025.05.20"]

1. e4 c5 2. Nf3 d6 3. d4 cxd4 4. Qxd4 Nc6 5. Bb5 Nf6 6. Nc3 Bd7 7. Bxc6 Bxc6 8.
Bg5 e6 9. O-O-O Be7 10. Qd3 a6 11. Nd4 Qc7 12. f4 h6 13. Bh4 Rc8 14. Kb1 b5 15.
e5 Nd5 16. Bxe7 Kxe7 17. exd6+ Qxd6 18. Rhe1 Kf8 19. f5 Bb7 20. Ne4 Qc7 21. fxe6
Nb4 22. Qb3 a5 23. exf7 Bd5 24. Ne6+ Bxe6 25. Qxe6 Qxc2+ 26. Ka1 Qc7 27. Nc5
Nc2+ 28. Kb1 Na3+ 29. bxa3 Qxc5 30. Qe8+ Rxe8 31. fxe8=Q# 1-0

[Event "Titled Tue 20th May Early"]
[Site "chess.com INT"]
[Date "2025.05.20"]
[Round "2"]
[White "Buchenau, Frank"]
[Black "Marynychenko, Yehor"]
[Result "1-0"]
[WhiteTitle "FM"]
[BlackTitle "CM"]
[WhiteElo "2190"]
[BlackElo "2183"]
[WhiteFideId "4604350"]
[BlackFideId "34160558"]
[EventDate "2025.05.20"]

1. e4 c5 2. g3 Nc6 3. Bg2 e6 4. Ne2 Nf6 5. d4 cxd4 6. Nxd4 d5 7. exd5 Nxd5 8.
Nxc6 bxc6 9. O-O Be7 10. c4 Nb4 11. Qxd8+ Kxd8 12. Nc3 Ba6 13. b3 Bf6 14. Rd1+
Kc7 15. Bf4+ e5 16. Bd2 Rad8 17. Ne4 Nc2 18. Ba5+ Kc8 19. Bxd8 Bxd8 20. Nd6+ Kc7
21. Nxf7 Rf8 22. Nxd8 Rf6 23. Nxc6 Rxc6 24. Bxc6 Kxc6 25. Rac1 Nd4 26. Kf1 Kc5
27. f4 e4 28. b4+ 1-0

[Event "Titled Tue 20th May Early"]
[Site "chess.com INT"]
[Date "2025.05.20"]
[Round "2"]
[White "Maksimovic, Bojan"]
[Black "Schmider, Niklas"]
[Result "1-0"]
[WhiteTitle "IM"]
[BlackTitle "IM"]
[WhiteElo "2514"]
[BlackElo "2421"]
[WhiteFideId "14408120"]
[BlackFideId "12993778"]
[EventDate "2025.05.20"]

1. d4 d5 2. Bg5 f6 3. Bf4 c5 4. e3 Nc6 5. Nf3 Bg4 6. Be2 Bxf3 7. Bxf3 e5 8. dxe5
fxe5 9. Bg3 e4 10. Be2 Nf6 11. O-O Bd6 12. Bh4 Be5 13. Nc3 Ne7 14. Bb5+ Kf8 15.
Be2 Qd6 16. Nb5 Qd7 17. c4 d4 18. exd4 cxd4 19. f4 exf3 20. Bxf3 a6 21. Nc3 dxc3
22. Qxd7 Nxd7 23. Bxb7+ Nf6 24. Bxa8 cxb2 25. Rae1 Bd4+ 26. Kh1 Kf7 27. Be4 Ng6
28. Bd5+ Kf8 29. Bg3 h5 30. Bd6+ 1-0

[Event "Titled Tue 20th May Early"]
[Site "chess.com INT"]
[Date "2025.05.20"]
[Round "2"]
[White "Tatarinov, Dmitry"]
[Black "Manukian, Artak"]
[Result "1-0"]
[WhiteTitle "FM"]
[WhiteElo "2344"]
[BlackElo "2104"]
[WhiteFideId "24160067"]
[BlackFideId "13301373"]
[EventDate "2025.05.20"]

1. d4 Nf6 2. c4 e6 3. Nf3 b6 4. g3 Bb7 5. Bg2 c5 6. d5 exd5 7. Nh4 g6 8. cxd5
Bg7 9. O-O O-O 10. Nc3 d6 11. a4 Na6 12. Re1 Nb4 13. e4 Re8 14. Nf3 a6 15. h3
Nd7 16. Bg5 f6 17. Bf4 Ne5 18. Nxe5 fxe5 19. Be3 h5 20. Na2 a5 21. Nc3 Ba6 22.
Bf1 Bxf1 23. Rxf1 Kh7 24. Qe2 Qc8 25. Kg2 Qa6 26. Nb5 Re7 27. g4 hxg4 28. hxg4
Rh8 29. Rh1+ Kg8 30. Rxh8+ Bxh8 31. Rh1 Bg7 32. Qf3 Rf7 33. Qh3 Nc2 34. Qh7+ Kf8
35. Qxg6 Nxe3+ 36. fxe3 Rf6 37. Rf1 Rxf1 38. Qxd6+ Kg8 39. Kxf1 Qc8 40. Qe6+
Qxe6 41. dxe6 Kf8 42. Ke2 Ke7 43. Nc7 Bh6 44. Kd3 c4+ 45. Kxc4 Bxe3 46. Kb5 Kd6
47. e7 1-0

[Event "Titled Tue 20th May Early"]
[Site "chess.com INT"]
[Date "2025.05.20"]
[Round "2"]
[White "Ashraf, Artin"]
[Black "Gong, Qianyun"]
[Result "1-0"]
[WhiteTitle "FM"]
[BlackTitle "WGM"]
[WhiteElo "2407"]
[BlackElo "2265"]
[WhiteFideId "22514805"]
[BlackFideId "8602425"]
[EventDate "2025.05.20"]

1. Nf3 e6 2. g3 f5 3. Bg2 Nf6 4. O-O Be7 5. b3 O-O 6. Bb2 d6 7. d4 c6 8. c4 h6
9. Nc3 Nbd7 10. Nh4 Qe8 11. d5 Ne5 12. Rc1 exd5 13. cxd5 c5 14. Qc2 Nfg4 15. Nf3
Nxf3+ 16. exf3 Ne5 17. f4 Ng4 18. Rfe1 Qf7 19. Nb5 Bd7 20. Nc7 Rac8 21. Ne6 Bxe6
22. dxe6 Qh5 23. h3 Nf6 24. Bxb7 Qxh3 25. Bxf6 Bxf6 26. Bxc8 Rxc8 27. e7 Re8 28.
Qc4+ Kh7 29. Rcd1 Rxe7 30. Rxe7 Bxe7 31. Qf7 Bf6 32. Rxd6 Bd4 33. Qg6+ 1-0

[Event "Titled Tue 20th May Early"]
[Site "chess.com INT"]
[Date "2025.05.20"]
[Round "2"]
[White "Zanette, Edgard Vinicius"]
[Black "Terkiewicz, Bruno"]
[Result "0-1"]
[BlackTitle "CM"]
[WhiteElo "2041"]
[BlackElo "2183"]
[WhiteFideId "2109263"]
[BlackFideId "21093245"]
[EventDate "2025.05.20"]

1. e4 Nc6 2. d4 d5 3. e5 Bf5 4. Nf3 e6 5. h3 Qd7 6. Be2 O-O-O 7. O-O f6 8. exf6
Nxf6 9. Bf4 Bd6 10. Ne5 Bxe5 11. dxe5 Ne4 12. f3 Nc5 13. c3 d4 14. b4 d3 15.
bxc5 Qe7 16. Rf2 dxe2 17. Qxe2 Qxc5 18. Nd2 Qxc3 19. Re1 Nd4 20. Qc4 Qxc4 21.
Nxc4 Bd3 22. Nb2 Bb5 23. Kh2 Rhf8 24. Be3 Nf5 25. Bc5 Rf7 26. a4 Ba6 27. Bxa7 b6
28. a5 Kb7 29. axb6 cxb6 30. Ra1 Kxa7 31. Nc4 Kb7 32. Ne3 Nxe3 0-1

[Event "Titled Tue 20th May Early"]
[Site "chess.com INT"]
[Date "2025.05.20"]
[Round "2"]
[White "Kozak, Antoni"]
[Black "Sheremetev, Vladislav"]
[Result "1-0"]
[BlackTitle "CM"]
[WhiteElo "2426"]
[BlackElo "2160"]
[WhiteFideId "21832030"]
[BlackFideId "54188300"]
[EventDate "2025.05.20"]

1. e4 c5 2. Be2 d6 3. f4 Nc6 4. Nf3 g6 5. O-O Bg7 6. c3 e6 7. Kh1 Nge7 8. d4
cxd4 9. cxd4 d5 10. e5 O-O 11. Be3 Nf5 12. Bf2 h5 13. Nc3 Qb6 14. Na4 Qa5 15. g3
b6 16. Be1 Nb4 17. a3 b5 18. Nc5 Ne3 19. Bxb4 Qb6 20. Qd2 Nxf1 21. Bxf1 a5 22.
Bc3 Bb7 23. b4 axb4 24. Bxb4 Bc6 25. h3 Bh6 26. Bd3 Kh7 27. Kg2 Rh8 28. Ng5+
Bxg5 29. fxg5 Qd8 30. Rf1 Ra7 31. Rf6 Kg7 32. Qf4 Be8 33. Rxe6 fxe6 34. Nxe6+ 1-0

[Event "Titled Tue 20th May Early"]
[Site "chess.com INT"]
[Date "2025.05.20"]
[Round "2"]
[White "Khodzhamkuliev, Bahadur"]
[Black "Timofeev, Artyom"]
[Result "1/2-1/2"]
[BlackTitle "GM"]
[WhiteElo "2093"]
[BlackElo "2548"]
[WhiteFideId "24135046"]
[BlackFideId "4140419"]
[EventDate "2025.05.20"]

1. Nf3 Nf6 2. d3 d5 3. g3 g6 4. Bg2 Bg7 5. Nc3 O-O 6. Bg5 a5 7. O-O a4 8. a3 Nc6
9. Nd2 h6 10. Bxf6 Bxf6 11. e4 dxe4 12. Ndxe4 Bg7 13. Rb1 Ra5 14. f4 Nd4 15. Nd2
h5 16. Nc4 Ra6 17. Ne4 b5 18. Ne5 Nf5 19. c3 Ne3 20. Qe2 Nxf1 21. Rxf1 Rb6 22.
d4 Bf5 23. Nc5 Qd6 24. h3 Be6 25. Nxg6 Bxd4+ 26. Kh2 Bxc5 27. Qxh5 fxg6 28.
Qxg6+ Kh8 29. Qh6+ Kg8 30. Qg6+ Kh8 31. Qh6+ Kg8 32. Qg6+ 1/2-1/2